000 00425 a2200157 4500
005 20250627174945.0
020 _a0-03-922059-1
082 _a658 CON
100 _aAPPELBAUM, S.H.
245 _aContemporary Canadian Business.
250 _a2nd Ed.
260 _aCanada,
_bHolt, Rinehart and Wiston,
_c1987.
300 _a782p.: ill.; figure, table
_bIndex
_c26cm
700 _aBECKMAN, M. D. [...et al...]
942 _2ddc
_cBKS
999 _c5781
_d5781